000 00535nam a2200241Ia 4500
003 IT-RoPAU
005 20220918175850.0
008 120407s9999 xx 000 0 und d
040 _aIT-RoPAU
040 _cIT-RoPAU
041 _aita
100 _aJean Danielou
_935366
245 _aSaggio sul mistero della storia
250 _aBrescia
260 _aMorcelliana
260 _c1957
300 _a386 p.
300 _c22 cm
490 _v1
600 _a1 Storia-teologia
_936132
942 _cBK
_2ddc
999 _c33862
_d33862